000 01039cam a2200325 i 4500
001 768714001
003 CO-MdFUSB
005 20210531170135.0
007 ta
008 960515t1990 us a r 00010 spa d
020 _a[No incluye ISBN]
040 _ala
_cCO-MdFUSB
_bspa
_dCO-MdFUSBC
_erda
041 0 _aspa
_heng
082 0 4 _a411
_bE371
240 _aThe alphabet makers.
245 0 0 _aElaborando alfabetos
_c/ traducido por María de los A. Campos de Ramírez. ; editado por Francisca Bundy de Olson.
264 1 _aCalifornia :
_bInstituto Lingüístico de Verano,
_c[1990]
264 4 _c© 1990
300 _a66 páginas. :
_bilustraciones. ;
_c27 cm.
336 _2rdacontent
_atexto
_btdi
337 _2rdamedia
_asin mediación
_bn
338 _2rdacarrier
_avolumen
_bnc
563 _aRústico
653 _aEscritura
700 _aCampos de Ramírez, María de los A.,
_etraductor
_94484
700 1 _aBundy de Olson, Francisca,
_eeditor
942 _cBK
945 _aJTF-925
999 _c66355
_d66355